000 00287nam a22001217a 4500
008 160420b xxu||||| |||| 00| 0 eng d
020 _a9781451193664
020 _a1451193661
041 _aeng
080 _a618.2
245 _aFundamentals of Nursing:
_cWolters Kluwer;
942 _2udc
_cBK
999 _c1462
_d1462